<?xml version="1.0" encoding="UTF-8"?>
<collection xmlns="http://www.loc.gov/MARC21/slim">
 <record>
  <leader>00463nam  2200133#c 4500</leader>
  <controlfield tag="001">LC-12262</controlfield>
  <controlfield tag="003">UMA</controlfield>
  <controlfield tag="005">20230415    212515</controlfield>
  <controlfield tag="008">230415suuuu####   ##########||||#0#spa#d</controlfield>
  <datafield tag="336" ind1=" " ind2=" ">
   <subfield code="a">texto</subfield>
  </datafield>
  <datafield tag="337" ind1=" " ind2=" ">
   <subfield code="a">no mediado</subfield>
  </datafield>
  <datafield tag="338" ind1=" " ind2=" ">
   <subfield code="a">volumen</subfield>
  </datafield>
  <datafield tag="245" ind1=" " ind2=" ">
   <subfield code="a">\&quot;Adicción a los hidratos de carbono simples refinados: \&quot;elaboración de un tratamiento deitoterápico útil para patologías como la depresión, la bulimia, la obesidad y la ansiedad\&quot;</subfield>
  </datafield>
  <datafield tag="100" ind1=" " ind2=" ">
   <subfield code="a">Ortiz, María Fernanda</subfield>
  </datafield>
 </record>
</collection>
Cannot write session to /tmp/vufind_sessions/sess_8s0f3oh4r7m35p638oeiuc41f0
